|
|
|
|
| LEADER |
00000caa a22000002c 4500 |
| 001 |
189914725X |
| 003 |
DE-627 |
| 005 |
20240821031450.0 |
| 007 |
tu |
| 008 |
240820s1986 xx ||||| 00| ||eng c |
| 020 |
|
|
|a 3803903246
|
| 035 |
|
|
|a (DE-627)189914725X
|
| 035 |
|
|
|a (DE-599)KXP189914725X
|
| 040 |
|
|
|a DE-627
|b ger
|c DE-627
|e rda
|
| 041 |
|
|
|a eng
|
| 084 |
|
|
|a 0
|2 ssgn
|
| 100 |
1 |
|
|e VerfasserIn
|0 (DE-588)109695674
|0 (DE-627)486910997
|0 (DE-576)160203333
|4 aut
|a Baumgartner, Ruedi
|d 1942-
|
| 109 |
|
|
|a Baumgartner, Ruedi 1942-
|
| 245 |
1 |
0 |
|a Tourism and Socio-Economic Change
|b The Case of the Rolwaling Valley in Eastern Nepal
|
| 264 |
|
1 |
|c 1986
|
| 336 |
|
|
|a Text
|b txt
|2 rdacontent
|
| 337 |
|
|
|a ohne Hilfsmittel zu benutzen
|b n
|2 rdamedia
|
| 338 |
|
|
|a Band
|b nc
|2 rdacarrier
|
| 773 |
0 |
8 |
|i Enthalten in
|t Recent research on Nepal
|d München [u.a.] : Weltforum-Verl., 1986
|g (1986), Seite 199-218
|h 351 S.
|w (DE-627)255162871
|w (DE-576)011821191
|z 3803903246
|7 nnam
|
| 773 |
1 |
8 |
|g year:1986
|g pages:199-218
|
| 935 |
|
|
|a mteo
|
| 951 |
|
|
|a AR
|
| ELC |
|
|
|b 1
|
| ITA |
|
|
|a 1
|t 1
|
| LOK |
|
|
|0 000 xxxxxcx a22 zn 4500
|
| LOK |
|
|
|0 001 4568999790
|
| LOK |
|
|
|0 003 DE-627
|
| LOK |
|
|
|0 004 189914725X
|
| LOK |
|
|
|0 005 20240820032909
|
| LOK |
|
|
|0 008 240820||||||||||||||||ger|||||||
|
| LOK |
|
|
|0 035
|a (DE-Tue135)255162871_1986_199
|
| LOK |
|
|
|0 040
|a DE-Tue135
|c DE-627
|d DE-Tue135
|
| LOK |
|
|
|0 092
|o n
|
| LOK |
|
|
|0 852
|a DE-Tue135
|
| LOK |
|
|
|0 852 1
|9 00
|
| LOK |
|
|
|0 935
|a imwa
|a ixau
|a rwrk
|
| LOK |
|
|
|0 939
|a 20-08-24
|b l01
|
| ORI |
|
|
|a SA-MARC-ixtheoa001.raw
|
| REL |
|
|
|a 1
|
| SUB |
|
|
|a REL
|